000 00913cam a2200157 4500500
005 20260111053236.0
041 _afre
042 _adc
100 1 0 _aSkoric, Arthur
_eauthor
245 0 0 _aKarol Beffa, En avant la musique! Maurice Ravel, Éditions des Équateurs, 2025, 208 pages, €14. Maurice Ravel, Correspondance, écrits et entretiens, edition by Manuel Cornejo, two-volume set, 2,000 letters and cards, 147 writings including 28 articles and 80 interviews, Gallimard, “Tel,” 2025, 2,934 pages, €32.
260 _c2025.
500 _a70
520 _aIn Paris, at the Bibliothèque nationale de France, an exhibition devoted to Colette reveals the many lives of this emblematic literary figure of the twentieth century.
786 0 _nÉtudes | 4331 | 11 | 2025-11-03 | p. 119-120 | 0014-1941
856 4 1 _uhttps://shs.cairn.info/journal-etudes-2025-11-page-119?lang=en&redirect-ssocas=7080
999 _c1613726
_d1613726